[Event "WJCC U20 Girls 2019"]
[Site "New Delhi"]
[Date "2019.10.15"]
[Round "1.19"]
[White "Yakubbaeva, Nilufar"]
[Black "Srimathi R"]
[Result "1-0"]
[WhiteElo "2281"]
[BlackElo "1914"]
[Annotator "NA"]
[PlyCount "67"]
[EventDate "2019.10.15"]
[EventType "swiss"]
[EventCountry "IND"]
[SourceTitle "playchess.com"]
[Source "ChessBase"]
[SourceQuality "1"]
[TimeControl "40/5400+30:1800+30"]

1. d4 {[%emt 0:00:00]} Nf6 {[%emt 0:00:05]} 2. Nf3 {[%emt 0:00:45]} e6 {[%emt 0:00:17]} 3. c4 {[%emt 0:01:07]} b6 {[%emt 0:00:09]} 4. g3 {[%emt 0:01:55]} Bb7 {[%emt 0:00:24]} 5. Bg2 {[%emt 0:00:14]} Be7 {[%emt 0:00:18]} 6. O-O {[%emt 0:00:23]} O-O {[%emt 0:00:07]} 7. Nc3 {[%emt 0:00:14]} Ne4 {[%emt 0:00:35]} 8. Qc2 {[%emt 0:04:43]} Nxc3 {[%emt 0:01:09]} 9. Qxc3 {[%emt 0:00:27]} d5 {[%emt 0:05:07]} 10. Bf4 {[%emt 0:08:12]} Bd6 {[%emt 0:06:56]} 11. Ne5 {[%emt 0:06:25]} f6 {[%emt 0:08:40]} 12. Nd3 {[%emt 0:01:28]} f5 {[%emt 0:01:00]} 13. Rac1 {[%emt 0:00:53]} c6 {[%emt 0:05:15]} 14. f3 {[%emt 0:06:14]} Na6 {[%emt 0:12:05]} 15. b4 {[%emt 0:05:25]} Rc8 {[%emt 0:03:18]} 16. c5 {[%emt 0:02:45]} Bc7 {[%emt 0:03:10]} 17. a4 {[%emt 0:04:48]} Nb8 {[%emt 0:04:09]} 18. Rfe1 {[%emt 0:07:21]} g5 {[%emt 0:08:26]} 19. Be5 {[%emt 0:07:11]} Nd7 {[%emt 0:03:57]} 20. Bxc7 {[%emt 0:02:37]} Qxc7 {[%emt 0:00:48]} 21. e4 {[%emt 0:01:05]} Ba6 {[%emt 0:07:05]} 22. exd5 {[%emt 0:04:03]} exd5 {[%emt 0:00:24]} 23. b5 {[%emt 0:01:36]} Bb7 {[%emt 0:05:29]} 24. Re7 {[%emt 0:04:35]} Qd8 {[%emt 0:03:29]} 25. Rce1 {[%emt 0:00:39]} Rf7 {[%emt 0:01:39]} 26. Rxf7 {[%emt 0:03:22]} Kxf7 {[%emt 0:00:08]} 27. Bh3 {[%emt 0:01:51]} Kf6 {[%emt 0:04:10]} 28. Ne5 {[%emt 0:00:47]} Nxe5 {[%emt 0:02:42]} 29. Rxe5 {[%emt 0:00:08]} h6 {[%emt 0:01:05]} 30. Qd3 {[%emt 0:00:15]} Kg7 {[%emt 0:00:14]} 31. Qxf5 {[%emt 0:00:32]} cxb5 {[%emt 0:01:45]} 32. Re6 {[%emt 0:00:28]} Qf8 {[%emt 0:00:46]} 33. Qe5+ {[%emt 0:00:31]} Kg8 {[%emt 0:00:17]} 34. Bf5 {[%emt 0:00:22]} 1-0

[Event "WJCC U20 Girls 2019"]
[Site "New Delhi"]
[Date "2019.10.15"]
[Round "1.21"]
[White "Arpita, Mukherjee"]
[Black "Mungunzul, Bat-Erdene"]
[Result "1-0"]
[WhiteElo "2271"]
[BlackElo "1912"]
[Annotator "NA"]
[PlyCount "89"]
[EventDate "2019.10.15"]
[EventType "swiss"]
[EventCountry "IND"]
[SourceTitle "playchess.com"]
[Source "ChessBase"]
[SourceQuality "1"]
[TimeControl "40/5400+30:1800+30"]

1. e4 {[%emt 0:00:10]} e5 {[%emt 0:00:00]} 2. Nf3 {[%emt 0:00:09]} Nc6 {[%emt 0:00:00]} 3. Bb5 {[%emt 0:00:07]} a6 {[%emt 0:00:02]} 4. Ba4 {[%emt 0:00:13]} Nf6 {[%emt 0:00:13]} 5. d3 {[%emt 0:00:11]} b5 {[%emt 0:01:03]} 6. Bb3 {[%emt 0:00:11]} Bc5 {[%emt 0:00:23]} 7. c3 {[%emt 0:00:41]} d6 {[%emt 0:00:29]} 8. O-O {[%emt 0:00:14]} h6 {[%emt 0:00:20]} 9. Nbd2 {[%emt 0:01:02]} O-O {[%emt 0:00:40]} 10. Re1 {[%emt 0:02:30]} Bb6 {[%emt 0:06:11]} 11. Nf1 {[%emt 0:00:50]} Ne7 {[%emt 0:01:43]} 12. Ng3 {[%emt 0:00:24]} c5 {[%emt 0:03:09]} 13. a4 {[%emt 0:03:09]} Rb8 {[%emt 0:02:32]} 14. Nh4 {[%emt 0:05:56]} Bg4 {[%emt 0:08:12]} 15. Qc2 {[%emt 0:04:23]} Qd7 {[%emt 0:03:14]} 16. Be3 {[%emt 0:14:16]} g5 {[%emt 0:08:32]} 17. Nf3 {[%emt 0:05:06]} Bxf3 {[%emt 0:00:29]} 18. gxf3 {[%emt 0:00:02]} Qh3 {[%emt 0:00:31]} 19. Qe2 {[%emt 0:00:52]} Ng6 {[%emt 0:13:40]} 20. Qf1 {[%emt 0:08:01]} Qxf1+ {[%emt 0:00:21]} 21. Kxf1 {[%emt 0:00:30]} Nh4 {[%emt 0:00:09]} 22. a5 {[%emt 0:05:25]} Bc7 {[%emt 0:08:08]} 23. Bd1 {[%emt 0:02:10]} Ne8 {[%emt 0:05:41]} 24. b4 {[%emt 0:05:07]} cxb4 {[%emt 0:09:53]} 25. cxb4 {[%emt 0:01:01]} Ra8 {[%emt 0:00:13]} 26. Ke2 {[%emt 0:04:35]} Bb8 {[%emt 0:07:30]} 27. Bb3 {[%emt 0:00:44]} Nf6 {[%emt 0:00:11]} 28. Rec1 {[%emt 0:01:01]} Rd8 {[%emt 0:04:25]} 29. Rc6 {[%emt 0:04:15]} Kf8 {[%emt 0:02:58]} 30. Rac1 {[%emt 0:02:32]} Ke7 {[%emt 0:02:20]} 31. Bb6 {[%emt 0:01:23]} Ba7 {[%emt 0:09:04]} 32. Bxd8+ {[%emt 0:00:26]} Rxd8 {[%emt 0:00:08]} 33. Rxa6 {[%emt 0:02:04]} Rd7 {[%emt 0:00:43]} 34. h3 {[%emt 0:02:24]} Ne8 {[%emt 0:00:42]} 35. Rc8 {[%emt 0:02:47]} Bd4 {[%emt 0:00:58]} 36. Raa8 {[%emt 0:00:51]} Ng7 {[%emt 0:00:41]} 37. a6 {[%emt 0:01:34]} Ng6 {[%emt 0:00:53]} 38. Rab8 {[%emt 0:01:34]} Nf4+ {[%emt 0:00:23]} 39. Kd2 {[%emt 0:00:11]} Bxf2 {[%emt 0:00:46]} 40. Rb7 {[%emt 0:00:46]} Nxh3 {[%emt 0:00:26]} 41. Rcc7 {[%emt 0:30:19]} Rxc7 {[%emt 0:31:27]} 42. Rxc7+ {[%emt 0:00:13]} Kf6 {[%emt 0:00:04]} 43. Rxf7+ {[%emt 0:00:20]} Kg6 {[%emt 0:00:06]} 44. d4 {[%emt 0:00:25]} Bxd4 {[%emt 0:00:25]} 45. Rxg7+ {[%emt 0:00:16]} 1-0

[Event "WJCC U20 Girls 2019"]
[Site "New Delhi"]
[Date "2019.10.15"]
[Round "1.23"]
[White "Protopopova, Anastasiya"]
[Black "Ananya, Suresh"]
[Result "1-0"]
[WhiteElo "2263"]
[BlackElo "1896"]
[Annotator "NA"]
[PlyCount "79"]
[EventDate "2019.10.15"]
[EventType "swiss"]
[EventCountry "IND"]
[SourceTitle "playchess.com"]
[Source "ChessBase"]
[SourceQuality "1"]
[TimeControl "40/5400+30:1800+30"]

1. d4 {[%emt 0:00:00]} Nf6 {[%emt 0:00:00]} 2. c4 {[%emt 0:00:00]} g6 {[%emt 0:00:00]} 3. Nc3 {[%emt 0:00:00]} Bg7 {[%emt 0:00:09]} 4. e4 {[%emt 0:00:02]} d6 {[%emt 0:00:07]} 5. Be2 {[%emt 0:00:15]} O-O {[%emt 0:00:14]} 6. Bg5 {[%emt 0:00:05]} Nbd7 {[%emt 0:02:14]} 7. Qd2 {[%emt 0:00:34]} c5 {[%emt 0:00:51]} 8. d5 {[%emt 0:00:30]} a6 {[%emt 0:01:14]} 9. Nf3 {[%emt 0:02:12]} Rb8 {[%emt 0:00:54]} 10. a4 {[%emt 0:00:38]} b6 {[%emt 0:04:39]} 11. h3 {[%emt 0:01:48]} Re8 {[%emt 0:07:14]} 12. O-O {[%emt 0:04:41]} Nf8 {[%emt 0:02:58]} 13. e5 {[%emt 0:18:40]} dxe5 {[%emt 0:05:54]} 14. Nxe5 {[%emt 0:00:45]} Ne4 {[%emt 0:05:32]} 15. Qf4 {[%emt 0:12:43]} Nxg5 {[%emt 0:01:31]} 16. Nc6 {[%emt 0:01:32]} Nxh3+ {[%emt 0:02:54]} 17. gxh3 {[%emt 0:00:15]} Qd6 {[%emt 0:00:12]} 18. Qxd6 {[%emt 0:04:06]} exd6 {[%emt 0:00:02]} 19. Nxb8 {[%emt 0:00:24]} Bxc3 {[%emt 0:00:34]} 20. bxc3 {[%emt 0:00:14]} Bxh3 {[%emt 0:02:10]} 21. Nxa6 {[%emt 0:05:04]} Rxe2 {[%emt 0:00:05]} 22. Rfe1 {[%emt 0:00:46]} Bg4 {[%emt 0:03:36]} 23. Nc7 {[%emt 0:06:44]} Nd7 {[%emt 0:01:09]} 24. Nb5 {[%emt 0:05:23]} Rxe1+ {[%emt 0:02:44]} 25. Rxe1 {[%emt 0:00:05]} Ne5 {[%emt 0:00:08]} 26. Re3 {[%emt 0:07:13]} Nxc4 {[%emt 0:07:13]} 27. Re4 {[%emt 0:02:52]} Ne5 {[%emt 0:00:03]} 28. Nxd6 {[%emt 0:00:40]} f6 {[%emt 0:00:03]} 29. f4 {[%emt 0:03:03]} Nd3 {[%emt 0:02:57]} 30. Re8+ {[%emt 0:03:42]} Kg7 {[%emt 0:00:15]} 31. Re7+ {[%emt 0:01:56]} Kh6 {[%emt 0:01:31]} 32. Nf7+ {[%emt 0:03:07]} Kh5 {[%emt 0:00:21]} 33. Ne5 {[%emt 0:02:28]} Nxf4 {[%emt 0:00:14]} 34. Rxh7+ {[%emt 0:00:14]} Kg5 {[%emt 0:00:22]} 35. Nxg4 {[%emt 0:01:32]} Nxd5 {[%emt 0:01:16]} 36. c4 {[%emt 0:00:16]} Nc3 {[%emt 0:00:39]} 37. Ne3 {[%emt 0:00:28]} Nxa4 {[%emt 0:00:36]} 38. Nd1 {[%emt 0:00:23]} b5 {[%emt 0:02:50]} 39. cxb5 {[%emt 0:00:10]} c4 {[%emt 0:00:09]} 40. Rc7 {[%emt 0:00:23]} 1-0

[Event "WJCC U20 Girls 2019"]
[Site "New Delhi"]
[Date "2019.10.15"]
[Round "1.24"]
[White "Levitan, Ronit"]
[Black "Priyanka Nutakki"]
[Result "0-1"]
[WhiteElo "1893"]
[BlackElo "2248"]
[Annotator "NA"]
[PlyCount "47"]
[EventDate "2019.10.15"]
[EventType "swiss"]
[EventCountry "IND"]
[SourceTitle "playchess.com"]
[Source "ChessBase"]
[SourceQuality "1"]
[TimeControl "40/5400+30:1800+30"]

1. e4 e6 {[%emt 0:00:00]} 2. d4 {[%emt 0:00:15]} d5 3. Nd2 {[%emt 0:00:06]} c5 {[%emt 0:00:29]} 4. exd5 {[%emt 0:00:24]} Qxd5 {[%emt 0:00:00]} 5. Ngf3 {[%emt 0:00:19]} cxd4 {[%emt 0:00:30]} 6. Bc4 {[%emt 0:00:29]} Qd6 {[%emt 0:00:14]} 7. O-O {[%emt 0:00:56]} Nc6 {[%emt 0:00:22]} 8. Nb3 {[%emt 0:00:35]} a6 {[%emt 0:00:08]} 9. Nbxd4 {[%emt 0:00:59]} Nxd4 {[%emt 0:00:12]} 10. Nxd4 {[%emt 0:00:10]} Qc7 {[%emt 0:00:08]} 11. Bb3 {[%emt 0:00:36]} Bd6 {[%emt 0:00:51]} 12. Nf3 {[%emt 0:36:06]} Ne7 {[%emt 0:05:54]} 13. c3 {[%emt 0:01:34]} Bd7 {[%emt 0:05:03]} 14. Re1 {[%emt 0:04:04]} O-O-O {[%emt 0:09:47]} 15. Qe2 {[%emt 0:06:24]} Ng6 {[%emt 0:09:30]} 16. Bc2 {[%emt 0:00:30]} Bb5 {[%emt 0:03:32]} 17. Qe4 {[%emt 0:03:26]} Bc6 {[%emt 0:01:48]} 18. Qe2 {[%emt 0:01:26]} Bxf3 {[%emt 0:01:55]} 19. Qxf3 {[%emt 0:00:09]} Bxh2+ {[%emt 0:00:12]} 20. Kh1 {[%emt 0:00:56]} Bf4 {[%emt 0:03:48]} 21. Be4 {[%emt 0:07:44]} Bxc1 {[%emt 0:04:16]} 22. Raxc1 {[%emt 0:03:28]} Rd2 {[%emt 0:02:52]} 23. Rc2 {[%emt 0:16:26]} Rhd8 {[%emt 0:03:31]} 24. b4 {[%emt 0:11:35]} 0-1

[Event "WJCC U20 Girls 2019"]
[Site "New Delhi"]
[Date "2019.10.15"]
[Round "1.25"]
[White "Alinasab, Mobina"]
[Black "Fretel, Liza"]
[Result "1-0"]
[WhiteElo "2239"]
[BlackElo "1877"]
[Annotator "NA"]
[PlyCount "89"]
[EventDate "2019.10.15"]
[EventType "swiss"]
[EventCountry "IND"]
[SourceTitle "playchess.com"]
[Source "ChessBase"]
[SourceQuality "1"]
[TimeControl "40/5400+30:1800+30"]

1. e4 {[%emt 0:00:00]} c5 {[%emt 0:00:00]} 2. Nf3 {[%emt 0:00:00]} Nc6 {[%emt 0:00:00]} 3. Nc3 {[%emt 0:00:00]} d6 {[%emt 0:00:29]} 4. d4 {[%emt 0:00:00]} cxd4 {[%emt 0:00:10]} 5. Nxd4 {[%emt 0:00:01]} Nf6 {[%emt 0:00:29]} 6. g3 {[%emt 0:00:33]} g6 {[%emt 0:00:52]} 7. Bg2 {[%emt 0:00:34]} Nxd4 {[%emt 0:00:22]} 8. Qxd4 {[%emt 0:00:23]} Bg7 {[%emt 0:00:24]} 9. O-O {[%emt 0:03:17]} O-O {[%emt 0:00:26]} 10. Qd3 {[%emt 0:01:17]} Nd7 {[%emt 0:04:20]} 11. f4 {[%emt 0:05:16]} Nc5 {[%emt 0:01:28]} 12. Qe3 {[%emt 0:03:01]} Bd7 {[%emt 0:06:53]} 13. e5 {[%emt 0:08:09]} Ne6 {[%emt 0:05:04]} 14. Bxb7 {[%emt 0:02:30]} dxe5 {[%emt 0:04:52]} 15. fxe5 {[%emt 0:01:05]} Bxe5 {[%emt 0:04:32]} 16. Rd1 {[%emt 0:04:00]} Bc7 {[%emt 0:16:25]} 17. Qe2 {[%emt 0:20:20]} Rb8 {[%emt 0:04:19]} 18. Bg2 {[%emt 0:03:47]} Qc8 {[%emt 0:05:14]} 19. Nd5 {[%emt 0:03:11]} Bd6 {[%emt 0:00:55]} 20. c4 {[%emt 0:02:46]} Re8 {[%emt 0:06:00]} 21. b3 {[%emt 0:01:14]} a5 {[%emt 0:02:55]} 22. Be3 {[%emt 0:07:44]} Bc5 {[%emt 0:05:54]} 23. Kh1 {[%emt 0:01:12]} Bxe3 {[%emt 0:01:57]} 24. Qxe3 {[%emt 0:00:47]} Qc5 {[%emt 0:02:11]} 25. Qc3 {[%emt 0:02:19]} Nf8 {[%emt 0:06:11]} 26. a3 {[%emt 0:02:36]} Bg4 {[%emt 0:04:02]} 27. b4 {[%emt 0:03:32]} Qc8 {[%emt 0:00:41]} 28. Re1 {[%emt 0:03:35]} Be6 {[%emt 0:00:17]} 29. c5 {[%emt 0:01:49]} Bxd5 {[%emt 0:03:40]} 30. Bxd5 {[%emt 0:00:06]} e6 {[%emt 0:01:34]} 31. Bg2 {[%emt 0:00:11]} Qc7 {[%emt 0:01:06]} 32. bxa5 {[%emt 0:06:29]} Rb5 {[%emt 0:01:45]} 33. c6 {[%emt 0:04:28]} Rxa5 {[%emt 0:01:19]} 34. Reb1 {[%emt 0:02:05]} Ra7 {[%emt 0:01:51]} 35. Qf6 {[%emt 0:02:46]} e5 {[%emt 0:04:19]} 36. Be4 {[%emt 0:00:35]} Ne6 {[%emt 0:00:39]} 37. Rb5 {[%emt 0:04:56]} Nd8 {[%emt 0:02:18]} 38. Rd1 {[%emt 0:01:47]} Rxa3 {[%emt 0:02:06]} 39. Rd7 {[%emt 0:00:20]} Qc8 {[%emt 0:00:22]} 40. Bd5 {[%emt 0:00:35]} Rf8 {[%emt 0:00:31]} 41. Rbb7 {[%emt 0:30:17]} Ne6 {[%emt 0:03:43]} 42. Qxe6 {[%emt 0:00:00]} Qxb7 {[%emt 0:01:50]} 43. Qxf7+ {[%emt 0:00:00]} Rxf7 {[%emt 0:00:08]} 44. Bxf7+ {[%emt 0:00:00]} Kg7 {[%emt 0:00:52]} 45. cxb7 {[%emt 0:00:00]} 1-0

[Event "WJCC U20 Girls 2019"]
[Site "New Delhi"]
[Date "2019.10.15"]
[Round "1.27"]
[White "Diakonova, Ekaterina"]
[Black "Ghosh Samriddhaa"]
[Result "*"]
[WhiteElo "2231"]
[BlackElo "1867"]
[Annotator "NA"]
[PlyCount "85"]
[EventDate "2019.10.15"]
[EventType "swiss"]
[EventCountry "IND"]
[SourceTitle "playchess.com"]
[Source "ChessBase"]
[SourceQuality "1"]
[TimeControl "40/5400+30:1800+30"]

1. e4 {[%emt 0:00:00]} e6 {[%emt 0:00:00]} 2. d4 {[%emt 0:00:00]} d5 {[%emt 0:00:00]} 3. Nc3 {[%emt 0:00:00]} Nf6 {[%emt 0:00:13]} 4. Bg5 {[%emt 0:00:00]} Bb4 {[%emt 0:00:54]} 5. e5 {[%emt 0:04:51]} h6 {[%emt 0:00:24]} 6. Bd2 {[%emt 0:12:14]} Bxc3 {[%emt 0:00:31]} 7. Bxc3 {[%emt 0:01:09]} Ne4 {[%emt 0:00:23]} 8. Ne2 {[%emt 0:05:45]} O-O {[%emt 0:07:12]} 9. Bb4 {[%emt 0:07:02]} c5 {[%emt 0:06:42]} 10. Ba3 {[%emt 0:03:26]} b5 {[%emt 0:25:38]} 11. dxc5 {[%emt 0:20:40]} Nc6 {[%emt 0:07:39]} 12. Nd4 {[%emt 0:04:50]} Qh4 {[%emt 0:18:38]} 13. g3 {[%emt 0:00:45]} Nxg3 {[%emt 0:00:45]} 14. hxg3 {[%emt 0:02:22]} Qe4+ {[%emt 0:10:15]} 15. Qe2 {[%emt 0:00:39]} Qxd4 {[%emt 0:00:28]} 16. c3 {[%emt 0:07:24]} Qa4 {[%emt 0:10:33]} 17. Rh4 {[%emt 0:05:39]} Qa5 {[%emt 0:01:51]} 18. Qxb5 {[%emt 0:03:36]} Qxb5 {[%emt 0:01:31]} 19. Bxb5 {[%emt 0:00:05]} Nxe5 {[%emt 0:00:07]} 20. Ra4 {[%emt 0:02:36]} f5 {[%emt 0:04:37]} 21. c6 {[%emt 0:11:21]} Rf7 {[%emt 0:00:29]} 22. Bd6 {[%emt 0:00:46]} Ng4 {[%emt 0:00:34]} 23. c4 {[%emt 0:02:26]} dxc4 {[%emt 0:01:06]} 24. Bxc4 {[%emt 0:00:44]} Nf6 {[%emt 0:00:38]} 25. O-O-O {[%emt 0:01:31]} Ne4 {[%emt 0:00:32]} 26. f3 {[%emt 0:00:55]} Nxd6 {[%emt 0:00:29]} 27. Rxd6 {[%emt 0:00:02]} Rc7 {[%emt 0:00:21]} 28. b4 {[%emt 0:01:49]} Kf7 {[%emt 0:00:31]} 29. b5 {[%emt 0:00:04]} Ke7 {[%emt 0:00:11]} 30. Rd3 {[%emt 0:01:04]} Rb8 {[%emt 0:00:51]} 31. Rb3 {[%emt 0:00:44]} Kd6 {[%emt 0:00:37]} 32. f4 {[%emt 0:00:41]} g5 {[%emt 0:00:30]} 33. Kc2 {[%emt 0:00:32]} Rg7 {[%emt 0:00:39]} 34. Rba3 {[%emt 0:00:35]} gxf4 {[%emt 0:00:31]} 35. gxf4 {[%emt 0:00:04]} a6 {[%emt 0:00:32]} 36. Rd3+ {[%emt 0:00:43]} Kc5 {[%emt 0:00:21]} 37. bxa6 {[%emt 0:00:15]} Kxc6 {[%emt 0:00:18]} 38. Rd8 {[%emt 0:01:03]} Kc7 39. Rh8 {[%emt 0:00:09]} Rg2+ {[%emt 0:01:09]} 40. Kc3 {[%emt 0:00:10]} Rf2 {[%emt 0:00:32]} 41. a7 {[%emt 0:30:36]} Rf3+ {[%emt 0:27:04]} 42. Bd3 {[%emt 0:00:00]} Ra8 {[%emt 0:03:00]} 43. Rc4+ {[%emt 0:00:00]} *

[Event "WJCC U20 Girls 2019"]
[Site "New Delhi"]
[Date "2019.10.15"]
[Round "1.29"]
[White "Mrudul Dehankar"]
[Black "Muratova, Saltanat"]
[Result "1-0"]
[WhiteElo "2227"]
[BlackElo "1855"]
[Annotator "NA"]
[PlyCount "31"]
[EventDate "2019.10.15"]
[EventType "swiss"]
[EventCountry "IND"]
[SourceTitle "playchess.com"]
[Source "ChessBase"]
[SourceQuality "1"]
[TimeControl "40/5400+30:1800+30"]

1. e4 {[%emt 0:00:00]} c5 {[%emt 0:00:00]} 2. Nf3 {[%emt 0:00:00]} Nc6 {[%emt 0:00:19]} 3. d4 {[%emt 0:00:00]} cxd4 {[%emt 0:00:37]} 4. Nxd4 {[%emt 0:00:00]} Nf6 {[%emt 0:00:35]} 5. Nc3 {[%emt 0:00:10]} e6 {[%emt 0:01:08]} 6. Ndb5 {[%emt 0:00:36]} a6 {[%emt 0:04:05]} 7. Nd6+ {[%emt 0:01:42]} Bxd6 {[%emt 0:00:17]} 8. Qxd6 {[%emt 0:00:17]} Qa5 {[%emt 0:02:22]} 9. Bd3 {[%emt 0:06:18]} h6 {[%emt 0:11:19]} 10. O-O {[%emt 0:06:55]} b5 {[%emt 0:02:05]} 11. Re1 {[%emt 0:18:23]} b4 {[%emt 0:12:13]} 12. Nd5 {[%emt 0:03:56]} Nxd5 {[%emt 0:16:35]} 13. exd5 {[%emt 0:00:13]} Ne7 {[%emt 0:03:08]} 14. Be4 {[%emt 0:06:36]} Qb5 {[%emt 0:13:56]} 15. dxe6 {[%emt 0:01:30]} Rb8 {[%emt 0:04:23]} 16. exd7+ {[%emt 0:01:10]} 1-0

[Event "WJCC U20 Girls 2019"]
[Site "New Delhi"]
[Date "2019.10.15"]
[Round "1.30"]
[White "Aouachria, Marwa"]
[Black "Kiolbasa, Oliwia"]
[Result "0-1"]
[WhiteElo "1839"]
[BlackElo "2223"]
[Annotator "NA"]
[PlyCount "52"]
[EventDate "2019.10.15"]
[EventType "swiss"]
[EventCountry "IND"]
[SourceTitle "playchess.com"]
[Source "ChessBase"]
[SourceQuality "1"]
[TimeControl "40/5400+30:1800+30"]

1. e4 {[%emt 0:00:00]} e5 {[%emt 0:00:00]} 2. Nf3 {[%emt 0:00:00]} Nc6 {[%emt 0:00:00]} 3. Bb5 {[%emt 0:00:16]} Nge7 {[%emt 0:00:20]} 4. d4 {[%emt 0:02:32]} exd4 {[%emt 0:02:44]} 5. Nxd4 {[%emt 0:04:48]} Nxd4 {[%emt 0:00:27]} 6. Qxd4 {[%emt 0:00:06]} a6 {[%emt 0:02:15]} 7. Bc4 {[%emt 0:03:03]} b5 {[%emt 0:04:57]} 8. Bb3 {[%emt 0:04:05]} d6 {[%emt 0:00:22]} 9. c4 {[%emt 0:08:26]} c5 {[%emt 0:02:32]} 10. Qd3 {[%emt 0:04:05]} Rb8 {[%emt 0:02:41]} 11. Nc3 {[%emt 0:07:23]} Nc6 {[%emt 0:02:50]} 12. cxb5 {[%emt 0:08:31]} Ne5 {[%emt 0:01:11]} 13. Qe2 {[%emt 0:05:43]} axb5 {[%emt 0:04:03]} 14. Nxb5 {[%emt 0:09:52]} Qa5+ {[%emt 0:02:38]} 15. Nc3 {[%emt 0:00:50]} Rxb3 {[%emt 0:02:00]} 16. axb3 {[%emt 0:00:35]} Qxa1 {[%emt 0:00:15]} 17. O-O {[%emt 0:06:34]} Ba6 {[%emt 0:03:59]} 18. Nb5 {[%emt 0:00:03]} Qa5 {[%emt 0:00:14]} 19. Nc7+ {[%emt 0:00:16]} Qxc7 {[%emt 0:00:07]} 20. Qxa6 {[%emt 0:00:45]} Be7 {[%emt 0:00:15]} 21. f4 {[%emt 0:08:26]} Nc6 {[%emt 0:00:22]} 22. Qa8+ {[%emt 0:05:25]} Bd8 {[%emt 0:00:27]} 23. e5 {[%emt 0:05:50]} O-O {[%emt 0:05:02]} 24. exd6 {[%emt 0:00:13]} Qxd6 {[%emt 0:00:12]} 25. Be3 {[%emt 0:01:26]} Bf6 {[%emt 0:00:22]} 26. Qa3 {[%emt 0:00:24]} Bd4 {[%emt 0:00:23] Bc1 Qe5+} 0-1

[Event "WJCC U20 Girls 2019"]
[Site "New Delhi"]
[Date "2019.10.15"]
[Round "1.31"]
[White "Olde, Margareth"]
[Black "Rindhiya V"]
[Result "1-0"]
[WhiteElo "2205"]
[BlackElo "1817"]
[Annotator "NA"]
[PlyCount "91"]
[EventDate "2019.10.15"]
[EventType "swiss"]
[EventCountry "IND"]
[SourceTitle "playchess.com"]
[Source "ChessBase"]
[SourceQuality "1"]
[TimeControl "40/5400+30:1800+30"]

1. d4 {[%emt 0:00:00]} f5 {[%emt 0:00:00]} 2. c4 {[%emt 0:00:00]} Nf6 {[%emt 0:00:00]} 3. g3 {[%emt 0:00:05]} e6 {[%emt 0:00:00]} 4. Bg2 {[%emt 0:00:14]} c6 {[%emt 0:00:14]} 5. Nf3 {[%emt 0:01:01]} d5 {[%emt 0:00:13]} 6. O-O {[%emt 0:00:59]} Bd6 {[%emt 0:00:12]} 7. b3 {[%emt 0:02:54]} Qe7 {[%emt 0:00:18]} 8. Bb2 {[%emt 0:00:22]} O-O {[%emt 0:00:42]} 9. Ne5 {[%emt 0:02:56]} b6 {[%emt 0:20:43]} 10. Qc2 {[%emt 0:06:57]} Bb7 {[%emt 0:02:41]} 11. Nd2 {[%emt 0:10:06]} Nbd7 {[%emt 0:02:38]} 12. Rac1 {[%emt 0:03:49]} Rac8 {[%emt 0:00:29]} 13. e3 {[%emt 0:01:25]} Ne4 {[%emt 0:05:20]} 14. Ndf3 {[%emt 0:03:00]} Ndf6 {[%emt 0:01:01]} 15. Ne1 {[%emt 0:04:45]} c5 {[%emt 0:27:00]} 16. f3 {[%emt 0:10:48]} Ng5 {[%emt 0:00:14]} 17. Qf2 {[%emt 0:00:53]} Nf7 {[%emt 0:03:00]} 18. N1d3 {[%emt 0:03:24]} Rfd8 {[%emt 0:04:05]} 19. Rfe1 {[%emt 0:14:14]} Nd7 {[%emt 0:09:49]} 20. cxd5 {[%emt 0:03:33]} exd5 {[%emt 0:00:59]} 21. Bh3 {[%emt 0:02:29]} g6 {[%emt 0:04:49]} 22. Nxd7 {[%emt 0:01:56]} Qxd7 {[%emt 0:00:45]} 23. Ne5 {[%emt 0:01:32]} Qe7 {[%emt 0:04:27]} 24. f4 {[%emt 0:01:39]} b5 {[%emt 0:08:36]} 25. g4 {[%emt 0:03:24]} fxg4 {[%emt 0:01:05]} 26. Bxg4 {[%emt 0:02:43]} Rc7 {[%emt 0:00:27]} 27. Nxf7 {[%emt 0:02:30]} Qxf7 {[%emt 0:01:13]} 28. dxc5 {[%emt 0:02:57]} Bxc5 {[%emt 0:00:45]} 29. Qd2 {[%emt 0:06:19]} h5 {[%emt 0:01:13]} 30. Rxc5 {[%emt 0:04:01]} Rxc5 {[%emt 0:00:35]} 31. Qd4 {[%emt 0:00:20]} Kh7 {[%emt 0:00:28]} 32. Qxc5 {[%emt 0:01:46]} hxg4 {[%emt 0:00:03]} 33. Qxb5 {[%emt 0:01:45]} a6 {[%emt 0:01:53]} 34. Qe2 {[%emt 0:00:53]} Qf5 {[%emt 0:00:26]} 35. Qf2 {[%emt 0:01:09]} Re8 {[%emt 0:00:35]} 36. Bd4 {[%emt 0:00:25]} Qh5 {[%emt 0:00:27]} 37. Rc1 {[%emt 0:00:25]} Rc8 {[%emt 0:00:30]} 38. Rxc8 {[%emt 0:00:30]} Bxc8 {[%emt 0:00:01]} 39. Qc2 {[%emt 0:00:15]} Qf5 {[%emt 0:00:03]} 40. Qc7+ {[%emt 0:00:14]} Bd7 {[%emt 0:00:25]} 41. Qd8 {[%emt 0:11:54]} Qb1+ {[%emt 0:00:33]} 42. Kg2 {[%emt 0:01:57]} Qe4+ {[%emt 0:00:36]} 43. Kf2 {[%emt 0:00:53]} Qf3+ {[%emt 0:10:08]} 44. Ke1 {[%emt 0:00:10]} Qh1+ {[%emt 0:00:05]} 45. Kd2 {[%emt 0:00:08]} Qxh2+ {[%emt 0:00:36]} 46. Kc3 {[%emt 0:00:11]} 1-0